Ч. 2; Английский язык. Видо-временные формы глагола

Opis bibliograficzny
Parent link:Английский язык. Видо-временные формы глагола: учебное пособие для академического бакалавриата/ Р. И. Куряева. Ч. 2.— , 2019.— 978-5-9916-8627-3
Streszczenie:Издание состоит из двух частей. В первой части представлена теория по грамматике английского глагола. В очень сжатой форме рассматриваются все видо-временные формы английского языка. Пособие также включает грамматические упражнения по видо-временным формам глагола в соответствии с "Кратким грамматическим справочником но английскому глаголу" (уроки 1-13). Вторая часть содержит продолжение сборника грамматических упражнений (уроки 14-25). Пособие рассчитано на уровень владения языком - А1-В2.
Język:rosyjski
angielski
Wydane: 2019
Wydanie:3-е изд., испр. и доп.
Hasła przedmiotowe:
Format: MixedMaterials Książka
KOHA link:https://koha.lib.tpu.ru/cgi-bin/koha/opac-detail.pl?biblionumber=342519

MARC

LEADER 00000nam2a2200000 4500
001 342519
005 20231102005448.0
010 |a 9785991686280 
035 |a (RuTPU)RU\TPU\book\371641 
090 |a 342519 
100 |a 20190315d2019 m y0rusy50 ca 
101 0 |a rus  |a eng 
102 |a RU 
105 |a y j 001zy 
200 0 |a Ч. 2 
205 |a 3-е изд., испр. и доп. 
210 |d 2019 
215 |a 340 с. 
320 |a Библиогр.: с. 339 
320 |a Словари: с. 289-334 
330 |a Издание состоит из двух частей. В первой части представлена теория по грамматике английского глагола. В очень сжатой форме рассматриваются все видо-временные формы английского языка. Пособие также включает грамматические упражнения по видо-временным формам глагола в соответствии с "Кратким грамматическим справочником но английскому глаголу" (уроки 1-13). Вторая часть содержит продолжение сборника грамматических упражнений (уроки 14-25). Пособие рассчитано на уровень владения языком - А1-В2. 
461 1 |0 (RuTPU)RU\TPU\book\334161  |y 978-5-9916-8627-3  |t Английский язык. Видо-временные формы глагола  |o учебное пособие для академического бакалавриата  |o в 2 ч.  |f Р. И. Куряева  |v Ч. 2  |d 2019  |s Бакалавр. Прикладной курс 
606 1 |a Английский язык  |x Учебные руководства и пособия для высшей школы  |x Пособия по грамматике  |2 stltpush  |3 (RuTPU)RU\TPU\subj\29073  |9 52485 
610 1 |a лексика 
610 1 |a глаголы 
610 1 |a видо-временные формы 
610 1 |a грамматические упражнения 
686 |a Ш143.21-923.2  |v LBC/SL-A  |2 rubbk 
801 1 |a RU  |b 63413507  |c 20190315 
801 2 |a RU  |b 63413507  |c 20190627  |g RCR 
942 |c BK 
959 |a 2/20190315  |d 1  |e 649,00  |f ЧЗИЛ:1